Statistics for Guess the Countries by Unknown Category #9

Click here to take the quiz!

General Stats

  • This quiz has been taken 1,117 times
  • The average score is 15 of 21

Answer Stats

# ArrivalsCountry% Correct
74.8 milUnited States
97%
55.6 milChina
95%
29.8 milRussia
92%
32.6 milUnited Kingdom
91%
83.7 milFrance
89%
33.0 milGermany
88%
16.5 milCanada
87%
48.6 milItaly
84%
65.0 milSpain
84%
13.4 milJapan
82%
29.1 milMexico
82%
16.0 milPoland
66%
39.8 milTurkey
66%
22.0 milGreece
64%
14.2 milSouth Korea
64%
13.9 milNetherlands
61%
25.2 milAustria
57%
24.7 milThailand
53%
15.1 milSaudi Arabia
47%
27.4 milMalaysia
38%
CATEGORY:# Arrivals
34%

Score Distribution

Percentile by Number Answered

Percent of People with Each Score

Your Score History

You have not taken this quiz